[Event "Anapa op"]
[Site "Anapa"]
[Date "2012.09.04"]
[Round "5"]
[White "Golovachev, Andrei"]
[Black "Evdokimenko, Valentin"]
[Result "0-1"]
[WhiteElo "2072"]
[BlackElo "2207"]
[PlyCount "90"]
[EventDate "2012.08.30"]
[EventType "swiss"]
[EventRounds "9"]
[EventCountry "RUS"]
[SourceTitle "CBM 150 Extra"]
[Source "ChessBase"]
[SourceDate "2012.10.19"]
[SourceVersion "1"]
[SourceVersionDate "2012.10.19"]
[SourceQuality "1"]

1. e4 e5 2. Nf3 Nc6 3. Bb5 g6 4. c3 a6 5. Ba4 d6 6. h3 Bg7 7. d4 Bd7 8. d5 Nce7 9. Bxd7+ Qxd7 10. Be3 Nf6 11. Nfd2 0-0 12. c4 Nh5 13. 0-0 c5 14. Nc3 Nf4 15. a3 f5 16. f3 g5 17. b4 b6 18. bxc5 bxc5 19. Rb1 Rab8 20. Kh2 Bf6 21. Qa4 Qxa4 22. Nxa4 Ne2 23. Rxb8 Rxb8 24. Rb1 Rxb1 25. Nxb1 fxe4 26. fxe4 Nc8 27. g3 Kf7 28. Kg2 Nd4 29. Bd2 Bd8 30. Kf2 Kg6 31. Kf1 Kh5 32. Be1 Ne7 33. Bc3 Ng8 34. Bxd4 cxd4 35. c5 dxc5 36. Nxc5 Nf6 37. Nd2 Be7 38. Nxa6 Bxa3 39. Nc4 Bf8 40. Nd2 g4 41. h4 Bh6 42. Nc4 Nxe4 43. d6 Nxg3+ 44. Kg2 Ne2 45. Nc5 Kxh4 0-1

[Event "Kaluga Tsiolkovsky Memorial op"]
[Site "Kaluga"]
[Date "2012.08.08"]
[Round "9"]
[White "Evdokimenko, Valentin"]
[Black "Belousov, Danila"]
[Result "0-1"]
[WhiteElo "2207"]
[BlackElo "2335"]
[PlyCount "68"]
[EventDate "2012.07.30"]
[EventType "swiss"]
[EventRounds "9"]
[EventCountry "RUS"]
[SourceTitle "EXT 2014"]
[Source "ChessBase"]
[SourceDate "2013.11.20"]
[SourceVersion "1"]
[SourceVersionDate "2013.11.20"]
[SourceQuality "1"]

1. Nf3 Nf6 2. c4 c5 3. d4 cxd4 4. Nxd4 b6 5. Nc3 Bb7 6. f3 d6 7. e4 e6 8. Be3 Be7 9. Be2 0-0 10. 0-0 Nbd7 11. Rc1 a6 12. Qd2 Rc8 13. Rfd1 Qc7 14. Bf1 Qb8 15. Qf2 Bd8 16. b4 Bc7 17. g4 Rfe8 18. Nb3 h6 19. Rc2 Kh8 20. Bd4 Kg8 21. a4 Ne5 22. Nd2 Nfd7 23. h3 Ng6 24. Ne2 Bd8 25. f4 e5 26. fxe5 dxe5 27. Be3 Bh4 28. Qf3 Ndf8 29. Nb3 Ne6 30. Nc3 Ngf4 31. Nd5 Ng5 32. Qh1 Nxd5 33. exd5 e4 34. d6 Nf3+ 0-1

[Event "Kaluga Tsiolkovsky Memorial op"]
[Site "Kaluga"]
[Date "2012.07.30"]
[Round "1"]
[White "Evdokimenko, Valentin"]
[Black "Skripchenko, Vladimir N"]
[Result "1-0"]
[WhiteElo "2207"]
[BlackElo "1814"]
[PlyCount "81"]
[EventDate "2012.07.30"]
[EventType "swiss"]
[EventRounds "9"]
[EventCountry "RUS"]
[SourceTitle "EXT 2014"]
[Source "ChessBase"]
[SourceDate "2013.11.20"]
[SourceVersion "1"]
[SourceVersionDate "2013.11.20"]
[SourceQuality "1"]

1. d4 Nf6 2. c4 g6 3. Nc3 Bg7 4. e4 d6 5. Nf3 0-0 6. Be2 c6 7. 0-0 h6 8. Re1 Qc7 9. Bf1 e5 10. h3 Nbd7 11. Be3 Nh5 12. Qd2 Kh7 13. g4 Nf4 14. Bxf4 exf4 15. Qxf4 Qb8 16. Rad1 Nf6 17. b4 Be6 18. Qe3 d5 19. e5 Ng8 20. cxd5 cxd5 21. Bg2 a6 22. Rc1 Qd8 23. Rc2 Rc8 24. Rec1 Qd7 25. Ne2 Rxc2 26. Rxc2 Ne7 27. Nf4 Qa4 28. Qd2 Nc6 29. Nd3 Ne7 30. Rc7 Nc6 31. Rxb7 Rc8 32. Nc5 Qa3 33. Qf4 Nd8 34. Rb6 Qxa2 35. Bf1 a5 36. Ra6 Qb1 37. b5 Rb8 38. Kg2 Qb4 39. Ra7 g5 40. Qe3 Kg8 41. Na6 1-0

[Event "Obninsk op"]
[Site "Obninsk"]
[Date "2009.07.??"]
[Round "9"]
[White "Evdokimenko, Valentin"]
[Black "Moiseev, Alexander"]
[Result "1-0"]
[WhiteElo "2317"]
[BlackElo "1919"]
[PlyCount "57"]
[EventDate "2009.07.??"]
[EventType "swiss"]
[EventRounds "9"]
[EventCountry "RUS"]
[SourceTitle "CBM 131 Extra"]
[Source "ChessBase"]
[SourceDate "2009.09.03"]
[SourceVersion "2"]
[SourceVersionDate "2009.09.16"]
[SourceQuality "1"]

1. Nf3 e6 2. c4 Nf6 3. g3 d5 4. Bg2 Be7 5. 0-0 0-0 6. b3 c6 7. Bb2 Nbd7 8. d4 b6 9. Nbd2 Ba6 10. Re1 Rc8 11. e4 dxe4 12. Nxe4 Nxe4 13. Rxe4 c5 14. Re2 Bf6 15. Ne5 cxd4 16. Nc6 Qc7 17. Nxd4 Nc5 18. Rd2 Rfd8 19. b4 Nd7 20. b5 Bxd4 21. Rxd4 Bb7 22. Bxb7 Qxb7 23. Qd2 Kf8 24. Rd1 Ke8 25. Qg5 Qc7 26. Qxg7 Qc5 27. Qxh7 Qb4 28. Rxd7 Rxd7 29. Qh8+ 1-0

[Event "Obninsk op"]
[Site "Obninsk"]
[Date "2009.07.??"]
[Round "6"]
[White "Larina, Marija"]
[Black "Evdokimenko, Valentin"]
[Result "0-1"]
[WhiteElo "2074"]
[BlackElo "2317"]
[PlyCount "86"]
[EventDate "2009.07.??"]
[EventType "swiss"]
[EventRounds "9"]
[EventCountry "RUS"]
[SourceTitle "CBM 131 Extra"]
[Source "ChessBase"]
[SourceDate "2009.09.03"]
[SourceVersion "2"]
[SourceVersionDate "2009.09.16"]
[SourceQuality "1"]

1. e4 e5 2. Nf3 Nc6 3. Nc3 Nf6 4. Bb5 d6 5. d4 exd4 6. Nxd4 Bd7 7. Bxc6 bxc6 8. Qf3 Rb8 9. 0-0 Be7 10. e5 dxe5 11. Nxc6 Bxc6 12. Qxc6+ Qd7 13. Qa6 0-0 14. Qxa7 Rfe8 15. Qe3 Qf5 16. Qe2 e4 17. Rb1 Bd6 18. Be3 Qe5 19. g3 Qe6 20. Bd4 Nd7 21. b3 c5 22. Be3 Qh3 23. f3 exf3 24. Qxf3 Ne5 25. Qg2 Qh5 26. Bf4 Rbd8 27. Rbd1 c4 28. Rd5 Bb8 29. Kh1 cxb3 30. cxb3 Rc8 31. Nb5 f6 32. Nd6 Bxd6 33. Rxd6 Qg6 34. Rfd1 Ng4 35. Qd5+ Kh8 36. Rd2 Qb1+ 37. Kg2 Qe1 38. Qf3 Rc1 39. R6d3 g5 40. Bd6 Ne3+ 41. Rxe3 Qxd2+ 42. Kh3 Qxe3 43. Qxf6+ Kg8 0-1

[Event "Anapa op"]
[Site "Anapa"]
[Date "2008.09.05"]
[Round "5"]
[White "Evdokimenko, Valentin"]
[Black "Petrova, Olga"]
[Result "1/2-1/2"]
[WhiteElo "2313"]
[BlackElo "2185"]
[PlyCount "80"]
[EventDate "2008.08.31"]
[EventType "swiss"]
[EventRounds "9"]
[EventCountry "RUS"]
[SourceTitle "EXT 2010"]
[Source "ChessBase"]
[SourceDate "2010.11.25"]
[SourceVersion "1"]
[SourceVersionDate "2010.11.25"]
[SourceQuality "1"]

1. Nf3 Nf6 2. c4 g6 3. b4 Bg7 4. Bb2 d6 5. d4 0-0 6. e3 Nbd7 7. Nbd2 a5 8. bxa5 Rxa5 9. Nb3 Ra8 10. Be2 Nb6 11. Qc1 c6 12. 0-0 Na4 13. Ba3 Bd7 14. c5 Ne4 15. Bb4 dxc5 16. Nxc5 Naxc5 17. Bxc5 Nxc5 18. Qxc5 Ra5 19. Qb4 Ra7 20. Bc4 Bf5 21. Rac1 Qa5 22. Qxa5 Rxa5 23. Rfd1 c5 24. Bb3 b6 25. Rd2 Rd8 26. Rcd1 Rc8 27. dxc5 Raxc5 28. Rd8+ Rxd8 29. Rxd8+ Bf8 30. h3 Rc8 31. Rd4 Bc2 32. Rb4 Bxb3 33. axb3 Rb8 34. Rb5 e6 35. Ne5 Bd6 36. Nc6 Rb7 37. Kf1 Kf8 38. Na5 Rb8 39. Nc6 Rb7 40. Na5 Rb8 1/2-1/2

[Event "Kaluga Tsiolkovsky Memorial op"]
[Site "Kaluga"]
[Date "2007.08.11"]
[Round "8"]
[White "Shabanov, Yuri"]
[Black "Evdokimenko, Valentin"]
[Result "1-0"]
[WhiteElo "2431"]
[BlackElo "2325"]
[PlyCount "83"]
[EventDate "2007.08.03"]
[EventType "swiss"]
[EventRounds "9"]
[EventCountry "RUS"]
[SourceTitle "CBM 119 Extra"]
[Source "ChessBase"]
[SourceDate "2007.09.04"]
[SourceVersion "1"]
[SourceVersionDate "2007.09.04"]
[SourceQuality "1"]

1. e4 c5 2. Nc3 Nc6 3. Bb5 g6 4. Bxc6 dxc6 5. d3 Bg7 6. Be3 b6 7. Qd2 e5 8. f4 Nf6 9. fxe5 Ng4 10. Bg5 Qc7 11. Nf3 Nxe5 12. Bh6 Nxf3+ 13. gxf3 Bxh6 14. Qxh6 Be6 15. 0-0-0 0-0-0 16. Kb1 f5 17. h4 fxe4 18. fxe4 Rhf8 19. Rdf1 Rxf1+ 20. Rxf1 c4 21. dxc4 Bxc4 22. Rf8 Rxf8 23. Qxf8+ Qd8 24. Qf2 Kb7 25. e5 Be6 26. Qf4 Bf5 27. b3 h5 28. Kb2 Qd7 29. a4 a5 30. Qe3 Qe7 31. Qd4 g5 32. hxg5 Qxg5 33. Ne4 Bxe4 34. Qxe4 Kc7 35. Qh7+ Kd8 36. Qd3+ Kc7 37. Qd6+ Kb7 38. Qd7+ Kb8 39. Qd6+ Kb7 40. e6 Qf6+ 41. Kb1 Qf1+ 42. Ka2 1-0

[Event "Kaluga Tsiolkovsky Memorial op"]
[Site "Kaluga"]
[Date "2007.08.04"]
[Round "2"]
[White "Evdokimenko, Valentin"]
[Black "Yandemirov, Valeri"]
[Result "1/2-1/2"]
[WhiteElo "2325"]
[BlackElo "2504"]
[PlyCount "103"]
[EventDate "2007.08.03"]
[EventType "swiss"]
[EventRounds "9"]
[EventCountry "RUS"]
[SourceTitle "CBM 119 Extra"]
[Source "ChessBase"]
[SourceDate "2007.09.04"]
[SourceVersion "1"]
[SourceVersionDate "2007.09.04"]
[SourceQuality "1"]

1. d4 Nf6 2. c4 g6 3. Nc3 d5 4. Qb3 dxc4 5. Qxc4 Bg7 6. e4 c6 7. Nf3 0-0 8. Be2 Be6 9. Qd3 Bg4 10. 0-0 Nbd7 11. Rd1 Qb6 12. Be3 Rfd8 13. Qc2 Rac8 14. Rac1 Nf8 15. h3 Bd7 16. Ne5 Be8 17. b4 Qc7 18. Bc4 N6d7 19. Nf3 a5 20. a3 Nb6 21. Ba2 axb4 22. axb4 Qd6 23. Qb3 Ne6 24. Ne5 Nd7 25. Nc4 Qb8 26. e5 b5 27. Na5 Nb6 28. Ne4 Nd5 29. Nc5 Nxc5 30. Rxc5 Qb6 31. Rdc1 Bf8 32. Bd2 Ra8 33. Qf3 e6 34. Bxd5 cxd5 35. Bg5 Rdb8 36. Bf6 Bd7 37. Qc3 Qa6 38. h4 Rc8 39. Qe3 Qb6 40. h5 Rcb8 41. Qh3 Rc8 42. Qh4 Rxc5 43. dxc5 Qc7 44. Rc3 Be8 45. Qg4 Qc8 46. Rh3 Ra7 47. Qd4 Rc7 48. Qe3 Qd7 49. Qd4 Qc8 50. Qh4 Rd7 51. Qg4 Ra7 52. Qd4 1/2-1/2